Catalog

Record Details

Catalog Search



Keeper of the lost cities : Exile  Cover Image Book Book

Keeper of the lost cities : Exile / Shannon Messenger.

Messenger, Shannon, (author.).

Summary:

Sophie is settling in nicely to her new life in Havenfield. She's getting to spend time with rare, precious species-- including the first female Alicorn, who shows herself to Sophie and trusts no one but her. Sophie is tasked with helping to train the magical creature so that the Alicorn can be revealed to the people of the lost cities as a sign of hope. But the secrets buried deep in Sophie's memories remain, and before long she's back in incredible danger, risking everything to find the answers to questions that could save not only her life, but the life of someone close to her ...

Record details

  • ISBN: 9781442445963
  • ISBN: 1442445963
  • ISBN: 9781442445970
  • ISBN: 1442445971
  • ISBN: 9781480662810
  • ISBN: 148066281X
  • Physical Description: 568 pages ; 22 cm.
  • Edition: First Aladdin hardcover edition.
  • Publisher: New York : Aladdin, an imprint of Simon & Schuster Children's Publishing Division, 2013.

Content descriptions

Target Audience Note:
8-12.
Subject: Foster, Sophie (Fictitious character)=
Ability > Juvenile fiction.
Psychic ability > Juvenile fiction.
Memory > Juvenile fiction.
Elves > Juvenile fiction.
Genre: Juvenile works.
Fantasy fiction.
Action and adventure fiction.
Science fiction.
Novels.

Available copies

  • 1 of 1 copy available at scottsboropl.

Holds

  • 0 current holds with 1 total copy.
Show Only Available Copies
Location Call Number / Copy Notes Barcode Shelving Location Status Due Date
scottsboropl JF Mes 32269001256497 Juvenile - Fiction Available -

LDR 04980cam a22010217i 4500
001163812
003SBPL
00520240726141939.0
008140212t20132013nyu c 000 f eng d
007ta
010 . ‡a 2013404669
020 . ‡a9781442445963
020 . ‡a1442445963
020 . ‡a9781442445970 ‡q(trade paperback)
020 . ‡a1442445971 ‡q(trade paperback)
020 . ‡a9781480662810
020 . ‡a148066281X
020 . ‡z9781442445987 ‡q(ebook)
035 . ‡a(OCoLC)827262752 ‡z(OCoLC)862037110 ‡z(OCoLC)879285288 ‡z(OCoLC)961938475 ‡z(OCoLC)965585996 ‡z(OCoLC)1090891958 ‡z(OCoLC)1244456839
05000. ‡aPZ7.M5494 ‡bMes 2013
08204. ‡a[Fic] ‡223
1001 . ‡aMessenger, Shannon, ‡eauthor.
24510. ‡aKeeper of the lost cities : ‡bExile / ‡cShannon Messenger.
2460 . ‡aExile
250 . ‡aFirst Aladdin hardcover edition.
264 1. ‡aNew York : ‡bAladdin, an imprint of Simon & Schuster Children's Publishing Division, ‡c2013.
300 . ‡a568 pages ; ‡c22 cm.
336 . ‡atext ‡btxt ‡2rdacontent
337 . ‡aunmediated ‡bn ‡2rdamedia
338 . ‡avolume ‡bnc ‡2rdacarrier
4901 . ‡aKeeper of the lost cities ; ‡vbk.2
520 . ‡aSophie is settling in nicely to her new life in Havenfield. She's getting to spend time with rare, precious species-- including the first female Alicorn, who shows herself to Sophie and trusts no one but her. Sophie is tasked with helping to train the magical creature so that the Alicorn can be revealed to the people of the lost cities as a sign of hope. But the secrets buried deep in Sophie's memories remain, and before long she's back in incredible danger, risking everything to find the answers to questions that could save not only her life, but the life of someone close to her ...
5211 . ‡a8-12.
60014. ‡aFoster, Sophie (Fictitious character)=
650 0. ‡aAbility ‡vJuvenile fiction.
650 0. ‡aPsychic ability ‡vJuvenile fiction.
650 0. ‡aMemory ‡vJuvenile fiction.
650 0. ‡aElves ‡vJuvenile fiction.
655 7. ‡aJuvenile works.
655 7. ‡aFantasy fiction. ‡2lcgft
655 7. ‡aAction and adventure fiction. ‡2lcgft
655 7. ‡aScience fiction. ‡2lcgft
655 7. ‡aNovels. ‡2lcgft
8001 . ‡aMessenger, Shannon. ‡tKeeper of the lost cities ; ‡vbk. 2.
901 . ‡a163812 ‡bAUTOGEN ‡c163812 ‡tbiblio

Additional Resources